| 000 | 00968cam a2200337 a 4500 | ||
|---|---|---|---|
| 001 | 1019378 | ||
| 003 | LC | ||
| 005 | 20160314105736.0 | ||
| 008 | 880222s1987 nyu 000 1 eng | ||
| 010 | _a 88005185 | ||
| 020 | _a0451156595 | ||
| 040 |
_aDLC _cDLC _dDLC _dOCoLC _dDLC |
||
| 043 | _an-us-oh | ||
| 050 | 0 | 0 |
_aPS 3563 .O8749 _b.M878 1991 |
| 082 | 0 | 0 |
_aFIC _bM83b 1987 |
| 100 | 1 |
_aMorrison, Toni. _920396 |
|
| 245 | 1 | 0 |
_aBeloved : _ba novel / _cToni Morrison |
| 260 |
_aNew York : _bPenguin Group, _cc1991. |
||
| 300 |
_a338 p. ; _c18 cm. |
||
| 440 | 0 |
_aPlume contemporary fiction _920397 |
|
| 562 | _e1 | ||
| 650 |
_aFiction. _9746 |
||
| 650 | _a African American women -- Fiction. | ||
| 650 | _aWomen slaves -- Fiction. | ||
| 650 | _aInfanticide -- Fiction. | ||
| 655 | 7 |
_aHistorical fiction. _2gsafd _92926 |
|
| 906 |
_a7 _bcbc _corignew _d1 _eocip _f19 _gy-gencatlg |
||
| 942 |
_2lcc _cBK |
||
| 999 |
_c11492 _d11492 |
||